| 000 | 01085nam a2200265Ia 4500 | ||
|---|---|---|---|
| 003 | OSt | ||
| 005 | 20220918110815.0 | ||
| 006 | a|||||r|||| 00| 0 | ||
| 007 | ta | ||
| 008 | 220915b |||||||| |||| 00| 0 hin d | ||
| 020 |
_a9788179755624 (hbk (Set)) _c1800 |
||
| 024 | _a15,696 | ||
| 037 |
_bIN1063, 05/03/2014, Anamika Publishers & Distributor Pvt. Ltd. _cReference Collections |
||
| 040 |
_aARTS _cARTS _bhin |
||
| 041 |
_2hin _ahin |
||
| 082 | _aO152,1M59x, Q3.1-.2(RR) | ||
| 100 | _aसलिल, सुरेश, संपा. | ||
| 245 | 0 | _aश्रीधर पाठक रचनावली | |
| 246 | _aShrīdhar pāṭhak rachanāvalī | ||
| 260 |
_aनई दिल्ली _bअनामिका पब्लिशर्स भारत _c2013 |
||
| 490 | _vभाग 1 | ||
| 650 | _aहिन्दी साहित्य | ||
| 942 |
_hO152,1M59x, Q3.1-.2(RR) _cREF |
||
| 999 |
_c114920 _d114920 |
||